[Event "Biel Credit Suisse"]
[Site "Biel"]
[Date "1997.07.26"]
[Round "5"]
[White "Milov, Vadim"]
[Black "Karpov, Anatoly"]
[Result "1/2-1/2"]
[WhiteElo "2635"]
[BlackElo "2745"]
[PlyCount "159"]
[EventDate "1997.07.20"]
[EventType "tourn"]
[EventRounds "10"]
[EventCountry "SUI"]
[EventCategory "17"]
[SourceTitle "CBM 060"]
[Source "ChessBase"]
[SourceDate "1997.09.29"]
[SourceVersion "1"]
[SourceVersionDate "1997.09.29"]
[SourceQuality "1"]

1. d4 {Gurevich,Mikhail} Nf6 2. c4 e6 3. Nc3 Bb4 4. e3 c5 5. Bd3 d5 6. cxd5 Nxd5 7. Nge2 cxd4 8. exd4 Nc6 9. a3 Bd6 10. Ne4 Be7 11. Bc2 O-O 12. O-O Qc7 ({RR} 12... b6 13. Qd3 g6 ({RR} 13... f5 14. N4c3 Bf6 15. Bb3 Nc7 16. Rd1 Kh8 17. Qh3 Re8 18. Bf4 Qe7 19. Bxc7 Qxc7 20. d5 Na5 21. Ba2 Nc4 22. Rac1 Nxb2 23. d6 Qd7 24. Rd2 Na4 25. Nxa4 Qxa4 26. Bb3 Qb5) 14. Bh6 Re8 {RR} 15. Rac1 ({RR} 15. Rad1 Bb7 16. f4 ({RR} 16. Rfe1 Rc8 17. Bb1 ({RR} 17. Bb3 a6 18. N2g3 Nb8 ({RR} 18... Na5 19. Ba2 f5 20. Nc3 Bf6) ({RR} 18... Bh4) 19. Qf3 ({RR} 19. Nh5 f5 20. Nc3 Bg5 21. Rxe6 Rxe6 22. Bxg5 Qxg5 23. Nxd5 Kh8 24. Nhf4) 19... Rc7 ({RR} 19... Bh4 20. Nh5 gxh5 21. Qxh5 f5) 20. Nh5 Nd7 ({RR} 20... f5 21. Nc3 Nxc3 22. Bxe6+ Kh8 23. Bg7#) 21. h4) ({RR} 17. N2c3 Na5 18. Qg3 Nc4 19. Ba4 Bc6 20. Bb3 Nxc3 21. bxc3 Bxe4 22. Rxe4 Nd6) 17... Na5 18. Ba2 Nf6 19. Nxf6+ ({RR} 19. N4c3 Qc7 20. Nb5 Qd7 21. Nf4 Be4 22. Qf1 Bc2 23. d5 e5 24. d6 Bxd1 25. Rxd1 Bd8 26. Nd5 Nxd5 27. Bxd5) 19... Bxf6 20. Nf4 Bg5 21. Nxe6 Rxe6 ({RR} 21... fxe6 22. Rxe6 Rxe6 23. Bxe6+ Kh8 24. Bxc8) 22. Rxe6 Bxh6 23. Rxg6+ Bg7 24. Rg4 Qf6 25. Bb1 h6) 16... Qc8 17. Ba4 a6 18. Bg5 f6 19. Bh4 f5 20. Ng5 b5 21. Bb3 Na5 22. Rc1 Qd7 23. Ba2 Rac8 24. Kf2 Bd6 25. Bg3 h6 26. Nf3 Nf6 27. Kg1 Bd5) 15... Bb7 16. Rfd1 Rc8 17. Qg3 Nf6 18. Ng5 ({RR} 18. Nxf6+ Bxf6 19. Be4 Nxd4 20. Rxd4 Rxc1+ 21. Bxc1 Bxd4 22. Bxb7 Bxb2) 18... Qd6 19. Qh4 Na5 ({RR} 19... Bf8) 20. Nf4) 13. Qd3 Rd8 ({RR} 13... g6 14. h4) 14. Ng5 ({RR} 14. Rd1 h6 15. N4c3 Nf6 16. Qc4 a6 17. Bf4 Bd6 18. Bxd6 Qxd6 19. Ne4 Nxe4 20. Bxe4 Ne7 21. Rac1) ({RR} 14. N4c3 g6 15. Bb3 Nxc3 16. Qxc3 Bf6 17. Rd1 Qe7 18. Be3 Bd7 19. Qe1 Be8 20. Rd2 Rac8 21. Ba2 b6 22. Rc1 Na5 23. b4 Nb7 24. Rdc2 Rxc2 25. Rxc2 Nd6) 14... g6 15. Bb3 ({RR} 15. Qh3 Nf6 ({RR} 15... Bxg5 16. Bxg5 f6 17. Bh6 ({RR} 17. Bh4 Nf4 18. Nxf4 Qxf4) ({RR} 17. Bd2 e5 18. Qf3 exd4 19. Bb3 Qf7 20. Nf4) 17... e5 18. Qf3 exd4 ({RR} 18... Nxd4 19. Nxd4 exd4 20. Bb3 Be6 21. Rad1) 19. Bb3 Qf7 20. Rad1) 16. Bf4 e5 ({RR} 16... Qb6 17. Be5) ({RR} 16... Bd6 17. Bxd6 Qxd6 18. Rad1 e5 19. Qb3 ({RR} 19. Qh4 exd4 20. Bb3)) 17. Qb3 exf4 18. Bxg6 ({RR} 18. Qxf7+ Kh8 19. Nxh7 Nxh7 20. Nxf4 Bf5 21. Bxf5 Qxf4 22. Qxg6 Nf8) 18... hxg6 ({RR} 18... Nxd4 19. Qxf7+ Kh8 20. Nxd4 Rxd4 21. Rae1) 19. Qxf7+ Kh8 20. Qxg6 Rf8 21. Qh6+ Kg8 22. Qg6+ Kh8 23. d5 Ne5 24. Qh6+ Kg8 25. Nxf4 Neg4 26. Qg6+ Kh8) ({RR} 15. h4 e5 ({RR} 15... Ncb4 16. axb4 Nxb4 17. Qf3) 16. Qf3 Nf6 17. Bb3 Bg4 18. Bxf7+ Kh8 19. Qd3 Nxd4 ({RR} 19... Bxe2 20. Qxe2 Nxd4 21. Qc4)) 15... Bf8 ({RR} 15... Nf6 16. Rd1 Bf8 ({RR} 16... Kg7 17. Qh3 e5 18. Qh6+ Kxh6 19. Ne6+ g5 20. Nxc7) 17. Bf4 Qe7 ({RR} 17... Qa5) ({RR} 17... Qb6) 18. Qe3 ({RR} 18. Qf3 Bg7 19. Rac1 Nd5) ({RR} 18. Nf3 Bg7 19. Bg5 ({RR} 19. Ne5 Nxe5 20. Bxe5 Bd7 21. Nc3 Bc6) 19... e5 20. Qe3 exd4 21. Qxe7 Nxe7 22. Ne5) ({RR} 18. Rac1) 18... Nd5 19. Bxd5 ({RR} 19. Qg3 Nxf4 20. Nxf4 ({RR} 20. Qxf4 Bh6 21. h4 f6) 20... Nxd4 21. Qh3) ({RR} 19. Qh3 h6 20. Nf3 e5) 19... exd5 ({RR} 19... Rxd5 20. Nc3 Rd8 21. d5) 20. Nf3 ({RR} 20. Qxe7 Bxe7 21. h3) 20... Qxe3 21. fxe3 ({RR} 21. Bxe3 Bg4 {RR} 22. Rd3) 21... f6 22. Rac1 Bf5 ({RR} 22... g5 23. Bc7 Rd7 24. Bg3) 23. h3 h5 24. Nc3 ({RR} 24. Ng3 Be6 25. e4 Bg7 ({RR} 25... dxe4 26. Nxe4 Be7 27. Nc5) 26. e5) ({RR} 24. Nh4 Be4 25. Nc3 g5) 24... g5 25. Bh2 h4 26. Nd2 Kf7 ({RR} 26... Kg7) ({RR} 26... Rd7 27. e4 dxe4 28. Ndxe4) 27. Nb3 ({RR} 27. Nxd5 Rxd5 28. e4 Rxd4 ({RR} 28... Bxe4 29. Nxe4 Rad8 30. Rf1 Be7) 29. exf5 Rad8 30. Rc2 Bh6) ({RR} 27. Rf1 Kg6 28. Rf2 Bd3) 27... Rac8 28. Nb5 ({RR} 28. Nc5 b6) 28... a6 29. Nc3 b5 30. Ne2 {Kamsky,G (2735)-Karpov,A (2770) Elista 1996 CBM 054 [Gurevich,Mikhail] 0-1 (61)} ({RR} 30. Nc5 b4 ({RR} 30... Bxc5 31. dxc5 d4 {RR} 32. exd4 Nxd4 33. b4) 31. N3a4 ({RR} 31. axb4 Nxb4) 31... bxa3 32. bxa3 ({RR} 32. Nb7 Re8) 32... Na5 {RR} 33. Nb6 Rc6 34. Nb7)) ({RR} 15... Bf6 16. Qh3) ({RR} 15... Bf6 16. Ne4 Bg7 17. Bg5 Rf8 18. N2c3 Nxc3 19. bxc3 e5 20. d5 Na5 21. d6 Qb6 22. Bd5 Nc6 23. Qg3 Bf5 24. Nf6+ Kh8 25. Qh4 h5 26. Bf3 {1-0 (26) Milov,V (2624)-Klauser,M (2389) Leukerbad 2015}) 16. Qh3 Nf6 17. Nf3 $146 ({RR} 17. Rd1 Bg7 18. Qh4 Qb6 19. Ba2 Ne7 20. Nxh7 Nxh7 21. Qxe7 Bf6 22. Qb4 Qxb4 23. axb4 b6 24. Be3 Bb7 25. Nc3 Be7 26. b5 Nf6 27. Bc4 Nd5 28. Ra4 Nb4 29. Bb3 Kg7 30. h3 Rd7 31. Bf4 Nd5 {Milov,V (2640)-Weeks,M (2245) Suncoast 1999 1-0 (40)}) 17... Qb6 18. Ba2 Bg7 19. Qh4 Nd5 20. Nc3 Nce7 21. Nxd5 Nxd5 22. Bh6 f6 23. Bxg7 Kxg7 24. Rab1 Bd7 25. Rfe1 Be8 26. Qe4 Bf7 27. h4 h6 28. Re2 Rac8 29. Rbe1 Rc6 30. Bb1 Qc7 31. g3 h5 32. Ba2 Ne7 33. Qd3 Rdd6 34. Qd2 Nd5 35. Bb1 Qc8 36. Be4 Rc7 37. Bb1 Qd7 38. Re4 Rc8 39. R4e2 Qb5 40. Kh2 Rdc6 41. Bd3 Qb3 42. Be4 Qb5 43. Ng1 R6c7 44. Nh3 Rd7 45. Bxd5 Qxd5 46. Nf4 Qf5 47. Qe3 Rc6 48. Rd2 Rcd6 49. Red1 Rd8 50. Rd3 a6 51. R3d2 Qa5 52. Rd3 Qb6 53. Rb3 Qa7 54. Rbd3 R8d7 55. R1d2 Qb6 56. Rb3 Qd8 57. Rbd3 a5 58. f3 Qb6 59. Qe4 Qc6 60. Qe3 Qb5 61. Kg2 Qf5 62. Rd1 Rd8 63. R1d2 R6d7 64. Rd1 Re8 65. Qf2 g5 66. hxg5 fxg5 67. Ne2 e5 68. Nc3 Bg6 69. R3d2 g4 70. dxe5 gxf3+ 71. Qxf3 Qxf3+ 72. Kxf3 Rf7+ 73. Kg2 Rxe5 74. Rd4 Kh6 75. R1d2 b5 76. Rf2 Rb7 77. Re2 Rxe2+ 78. Nxe2 b4 79. axb4 Rxb4 80. Rxb4 1/2-1/2

[Event "Biel SKA"]
[Site "Biel"]
[Date "1996.07.27"]
[Round "5"]
[White "Onischuk, Alexander"]
[Black "Karpov, Anatoly"]
[Result "0-1"]
[WhiteElo "2605"]
[BlackElo "2775"]
[Annotator "Rogozenco,Dorian"]
[PlyCount "66"]
[EventDate "1996.07.22"]
[EventType "tourn"]
[EventRounds "11"]
[EventCountry "SUI"]
[EventCategory "16"]
[SourceTitle "CBM 055"]
[Source "ChessBase"]
[SourceDate "1996.12.01"]
[SourceVersion "1"]
[SourceVersionDate "1996.12.01"]
[SourceQuality "1"]

1. d4 {Petursson} Nf6 2. c4 e6 3. Nc3 Bb4 4. e3 c5 5. Bd3 d5 6. Nge2 cxd4 7. exd4 Nc6 8. cxd5 Nxd5 9. O-O O-O 10. Bc2 Re8 11. Qd3 g6 12. a3 ({RR} 12. Bh6 Be7 13. Qf3 Bf6 14. Rad1 Bh8 15. Rfe1 Bd7 16. Bb3 Nce7 17. Nxd5 Nxd5 18. Bxd5 exd5 19. h3 Qb6 20. Nf4 Bc6 21. Nh5 Ba4 22. b3 gxh5 23. Qg3+ {0-1 (23) Khismatullin,D (2658)-Riazantsev,A (2708) Khanty-Mansiysk 2013}) 12... Bf8 13. Re1 $146 ({RR} 13. Rd1 b6 14. Ba4 Bb7 15. Nxd5 exd5 16. Bf4 a6 17. Rac1 b5 18. Bb3 Rc8 19. Bd2 Bg7 20. Ba2 Re4 21. Be3 Na5 22. Rxc8 Qxc8 23. Nc3 Nc4 24. Nxe4 Nxb2 25. Nd6 Qc6 26. Qe2 Nxd1 27. Bf4 Nc3 {Hodgson,J (2510)-Kinsman,A (2295) Swansea 1987 1-0 (35)}) ({RR} 13. Ne4 Bg7 14. Bg5 f6 15. Bd2 Nce7 16. h4 b6 17. Rfe1 Qd7 18. h5 f5 19. Ng5 h6 20. Nxe6 Qxe6 21. Nf4 Nxf4 22. Bxf4 Qf6 23. Ba4 Rd8 24. Bb3+ Kh7 25. Be5 Qf8 26. Qg3 f4 27. Bxf4 Bf5 {Stinka,J (2355)-Hinks Edwards,T (2283) Czech Republic CZE 2025 1-0 (32)}) ({RR} 13. Ne4 Bg7 14. Bg5 Qb6 15. Rad1 a6 16. h4 Bd7 17. h5 Nce7 18. hxg6 hxg6 19. Rfe1 Rac8 20. N4c3 Nf5 21. g4 Nd6 22. Na4 Qa7 23. Nc5 Bb5 24. Qg3 b6 25. Qxd6 bxc5 26. dxc5 Qxc5 27. Qxc5 Rxc5 {Dittmar,P (2355)-Neunhoeffer,H (2340) Germany 1996 1-0 (37)}) 13... Nxc3 14. bxc3 e5 15. Be3 Bf5 16. Qd1 Bxc2 17. Qxc2 Rc8 18. Qa4 b6 19. Red1 Qd5 20. c4 (20. Ng3 {Petursson}) 20... Qa5 21. Qb5 a6 22. Qd5 exd4 23. Nxd4 Ne5 24. Nb3 Qa4 25. c5 b5 26. Rd4 Nc4 27. Rf4 Rxe3 $4 (27... Rc7 $17 {Petursson} 28. Nd2 Bg7 29. Nxc4 Bxa1 30. Nd6 Qc2 31. h3 Rf8) 28. fxe3 $4 {Looses} (28. Qxf7+ $1 {Winning} Kh8 29. Rh4 h6 (29... h5 30. fxe3 (30. Qxg6 Re5 (30... Re5 31. Rxh5+ Rxh5 32. Qxh5+ Kg8 33. Qg4+ Kf7 34. Qf5+ Kg8 35. Qxc8 Qxb3 36. Qxa6 $18)) 30... Qxb3 31. Qxg6 Qxe3+ 32. Kh1 Rxc5 (32... Bg7 33. Rxh5+ Kg8 34. Rf1 $18) 33. Rf1 Qh6 34. Qe8 Kg8 35. Rhf4 $18) (29... Bg7 30. Qxg6 h6 31. fxe3 Qxb3 32. Rxh6+ Bxh6 33. Qxh6+ Kg8 34. Qg5+ (34. Qe6+ $18) 34... Kh8 35. Qh5+ Kg8 36. Qg4+ Kh7 37. Qxc8 $18) 30. Qf6+ Kh7 (30... Bg7 31. Rxh6+ Kg8 32. Rxg6 Rc7 33. fxe3 Qxb3 34. Qd8+ (34. Qe6+ Rf7 35. Rg3 $1 $18 Qd3 (35... Kf8 36. c6 Bxa1 37. Qc8+ Ke7 38. Qd7+ Kf6 39. Rf3+ $18) (35... Nd2 36. Qc8+ Kh7 37. Rh3+ Kg6 38. Qg4+ Kf6 39. Rd1 $18) 36. c6 Qd6 37. Qxd6 Nxd6 38. Rd1 Ne4 39. Rd7 $3) 34... Kh7 35. Rg3 $18) 31. Rg4 $1 g5 32. fxe3 Qxb3 33. Qf5+ Kg8 (33... Kh8 {Petursson} 34. Qxc8 $18) 34. Qxc8 $18) 28... Qxb3 29. Qxf7+ (29. Rxf7 {Petursson} Qxe3+ 30. Kh1 Rxc5 $1 $19) 29... Kh8 30. Re4 (30. Rh4 Qxe3+ 31. Kh1 h6 (31... h6 {Petursson} 32. Qxg6 $17)) 30... Nd2 31. Re6 Ne4 32. h4 Qxe3+ 33. Kh1 Qd4 0-1

[Event "Karpov-Piket Match"]
[Site "Monte Carlo"]
[Date "1999.02.23"]
[Round "3"]
[White "Piket, Jeroen"]
[Black "Karpov, Anatoly"]
[Result "1/2-1/2"]
[WhiteElo "2615"]
[BlackElo "2710"]
[Annotator "Piket,Jeroen"]
[PlyCount "103"]
[EventDate "1999.02.21"]
[EventType "match"]
[EventRounds "8"]
[EventCountry "MNC"]
[SourceTitle "CBM 070"]
[Source "ChessBase"]
[SourceDate "1999.06.08"]
[SourceVersion "1"]
[SourceVersionDate "1999.06.08"]
[SourceQuality "1"]

1. d4 Nf6 2. c4 e6 3. Nc3 Bb4 4. Qc2 O-O 5. a3 Bxc3+ 6. Qxc3 b6 7. Bg5 Bb7 8. f3 d5 {8...h6 9. Bh4 d5 Piket - karpov Monaco'99 match [5]} 9. e3 Nbd7 10. cxd5 exd5 11. Bd3 Re8 12. Ne2 h6 13. Bh4 c5 14. O-O Qe7 15. Bf2 a5 $5 (15... Rac8 16. Qd2 (16. Rad1 $5) 16... Bc6 17. Nc3 Nf8 18. Rfe1 Ne6 19. Bh4 {Kasparov-Timman Linares'93}) 16. b4 $1 (16. a4 $5) (16. Rae1 c4 17. Bb1 b5 18. Ng3 b4 19. axb4 axb4 20. Qd2 Ba6 21. Nf5 Qf8) (16. Rad1 c4 17. Bb1 b5 18. Ng3 b4 19. axb4 axb4 20. Qd2 (20. Qc2) 20... Ba6 $6 21. Rfe1) 16... axb4 (16... cxb4 17. axb4 Rec8 $5 18. Qb2 Qxb4 19. Qxb4 axb4 20. Rxa8 Rxa8 21. Rb1 Ra3 22. Nc1 $16) 17. axb4 c4 $5 (17... cxb4 18. Qc7 $1 Rab8 19. Ng3 Rec8 20. Qf4 $1 $36) 18. Bc2 b5 19. Qb2 $1 (19. g4 Nb6) (19. Ng3 Nb6) 19... Bc6 20. Nc3 Nb6 21. Ra5 $1 Na4 $1 (21... Rxa5 22. bxa5 Na8 (22... Na4 23. Bxa4 bxa4 24. Qb6 Qd6 $8 25. a6 (25. Bg3 Qa3) (25. Nxa4 Nd7 26. Qa6 Ra8 $19) 25... Rb8 26. Qa5 $16) 23. Nxb5 $1 $16 Qb7 (23... Rb8 24. Qa3) 24. Rb1 Rb8 25. Bg3 Qxb5 26. Bxb8) 22. Bxa4 bxa4 23. Rc5 $146 (23. Ra1 Rxa5 24. bxa5 Qa7 $1 $11) ({RR} 23. Ra1 Rxa5 24. bxa5 Qa7 {½-½ (24) Myo,N (2425)-Theerapappisit,W (2271) Bangkok 2004}) 23... a3 24. Qd2 (24. Qc2 $5 { e4}) 24... Rec8 25. Bh4 g5 26. Bg3 Nd7 27. Ra1 $5 (27. b5 Nxc5 28. dxc5 a2 29. Ra1 Bxb5 30. Nxb5 Rxc5 31. Nc3 Qf6 $13) (27. Rxc6 Rxc6 28. b5 Rcc8 29. Nxd5 $13) (27. Nxd5 $2 Bxd5 28. Rxd5 c3 $17) 27... Nxc5 28. dxc5 Re8 $5 (28... Qb7 29. Rb1 (29. Qd4 Qxb4 30. Qf6 Re8) 29... Qa6 30. Be5) 29. Kf2 Qf6 $6 $138 (29... Qb7) 30. Ra2 Reb8 31. Bxb8 Rxb8 32. Ne2 $6 (32. b5 $142 $1 Bxb5 33. Nxd5 Qe5 34. Qd4 $1 Qxd4 35. exd4 Bc6 36. Nb6 $1 $16 (36. Ne7+ $4 Kf8 37. Nxc6 Rb2+)) 32... c3 $8 33. Qxc3 (33. Nxc3 Rxb4 34. Rxa3 Qe5 $13) 33... Qxc3 34. Nxc3 Rxb4 35. Rxa3 Rc4 36. Ne2 Rxc5 37. Nd4 Bd7 38. Ra8+ Kg7 39. Ra7 Bc8 40. g4 Kf6 41. h3 h5 42. gxh5 Bxh3 43. h6 Be6 44. Ra6 (44. Nxe6 fxe6 (44... Kxe6 45. Ra8 $18) 45. h7 Rc8 46. Kg3 Rh8 47. Kg4 Kg6 48. Re7 Kf6 49. Rd7 Kg6 50. e4 Rxh7 $11) 44... Rc4 45. Ke2 Rc8 46. f4 gxf4 47. exf4 Rh8 48. f5 Ke5 $1 49. fxe6 fxe6 50. Nf3+ Kf6 51. Nd4 Ke5 52. Nxe6 1/2-1/2